Greater Toronto Area Municipalities on the Map - Statistics

General Stats
  • This quiz has been taken 765 times
  • The average score is 19 of 31
Answers on the Map
Answers color-coded by a green-red scale on the quiz's map according to % correct below.
 
Answer Stats
Region Type Pop City % Correct
Toronto *District 797 k Old Toronto
97%
Toronto City 2.79 m Toronto
96%
Peel City 717 k Mississauga
93%
Peel City 656 k Brampton
83%
York City 323 k Vaughan
81%
York City 338 k Markham
79%
Durham City 185 k Oshawa
79%
Toronto *District 629 k Scarborough
78%
Durham Town 126 k Ajax
72%
Toronto *District 869 k North York
72%
Toronto *District 145 k York
72%
York City 202 k Richmond Hill
71%
Toronto *District 365 k Etobicoke
69%
Halton Town 213 k Oakville
68%
Durham City 99.1 k Pickering
65%
Halton City 186 k Burlington
63%
York Town 87.9 k Newmarket
63%
Durham Town 138 k Whitby
58%
York Town 62.0 k Aurora
57%
Halton Town 132 k Milton
57%
Toronto *District 118 k East York
55%
York Township 27.3 k King
50%
Halton Town 61.1 k Halton Hills
43%
Peel Town 76.5 k Caledon
42%
York Town 49.8 k Whitchurch-Stouffville
40%
Durham Municipality 101 k Clarington
39%
York Town 34.6 k East Gwillimbury
29%
York Town 47.6 k Georgina
29%
Durham Township 21.5 k Uxbridge
28%
Durham Township 21.6 k Scugog
23%
Durham Township 11.6 k Brock
19%
No matching quizzes found
Score Distribution
Percent of People with Each Score
Percentile by Number Answered
Your Score History
You have not taken this quiz